000
00261nam a2200133Ia 4500
100
_a
Polyakov/G
942
_c
BK
654
_a
wiring
245
_a
Industrial Wiring
260
_b
Progress Publishers
082
_a
621.3
300
_a
308
546
_a
ENGLISH
999
_c
21185
_d
21185